000 00485nam a2200181Ia 4500
005 20250326130013.0
008 250326s9999 xx 000 0 und d
037 _aTextbook
040 _aFMSL
_beng
_cFMSL
041 _aeng
_2eng
084 _aX:8 N0
_qFMSL
100 _aDatta A K
_9135346
245 0 _aRateavaling materials management
_cDatta A K
260 _aCalcutta
_bCalcutta, World
_c1970
300 _a167p
942 _cTB
_hX:8 N0
999 _c1280522
_d1280522